CPH'S Teacher recruitment selection manual for Navodaya Vidyalaya Sangathan (Record no. 61607)

MARC details
000 -LEADER
fixed length control field 00686nam a22001937a 4500
005 - DATE AND TIME OF LATEST TRANSACTION
control field 20120128155058.0
008 - FIXED-LENGTH DATA ELEMENTS--GENERAL INFORMATION
fixed length control field 120128t xxu||||| |||| 00| 0 eng d
020 ## - INTERNATIONAL STANDARD BOOK NUMBER
Terms of availability Rs 140.00
035 ## - SYSTEM CONTROL NUMBER
System control number B-18880
040 ## - CATALOGING SOURCE
Original cataloging agency DPL
Language of cataloging ENG
100 ## - MAIN ENTRY--PERSONAL NAME
Personal name Somnath, Poonam
9 (RLIN) 40296
245 ## - TITLE STATEMENT
Title CPH'S Teacher recruitment selection manual for Navodaya Vidyalaya Sangathan
Statement of responsibility, etc by Poonam Somnath et al.
260 ## - PUBLICATION, DISTRIBUTION, ETC. (IMPRINT)
Place of publication, distribution, etc New Delhi
Name of publisher, distributor, etc Century Publishing House
300 ## - PHYSICAL DESCRIPTION
Extent various pages
Dimensions 22 cms
700 ## - ADDED ENTRY--PERSONAL NAME
Personal name Danu, M.S.
9 (RLIN) 40297
700 ## - ADDED ENTRY--PERSONAL NAME
Personal name Rao, Y. P.
9 (RLIN) 40298
942 ## - ADDED ENTRY ELEMENTS (KOHA)
Source of classification or shelving scheme Dewey Decimal Classification
Item type English Books
Classification part 000
Call number suffix CPM
Holdings
Withdrawn status Lost status Source of classification or shelving scheme Damaged status Not for loan Collection code Home library Current library Shelving location Date acquired Cost, normal purchase price Total Checkouts Full call number Barcode Date last seen Cost, replacement price Koha item type
    Dewey Decimal Classification     Non-fiction Sarojini Nagar Sarojini Nagar General Stacks 28/01/2012 140.00   000 CPM B-18880 28/01/2012 140.00 English Books

© Delhi Public Library
Hit Counter
free hit counter